01391nab a2200277 4500003001000000005001700010008004100027040001400068041000800082100013600090245011000226260003500336300001100371500031300382650002300695650002300718650003500741650003300776650002400809650003300833700005500866773010000921942005801021945001701079999001701096AR-RoBPED20260422120255.0260422b |||||||| |||| 00| 0 spa d aAR-RoBPED aspa1 aFernández Marchesi, Nancy E.930785eDoctora en Investigación en la Enseñanza y el Aprendizaje de las Ciencias Experimentales13aEl diseño de actividades prácticas de laboratorios para promover las habilidades de investigación / aBuenos Aires :bNoveduc,c2024 a2-9 p. aLas autoras presentan algunas recomendaciones para el abordaje de las actividades prácticas de laboratorio desde un enfoque de investigación basado en historias de la ciencia que tienen como protagonistas a poblaciones habitualmente individualizadas o en situaciones social o políticamente críticas.  0aPRÁCTICAS925092 7aINVESTIGACION9345 7aHISTORIA DE LAS CIENCIAS98532 0aPROPUESTA DIDÁCTICA922005 7aLABORATORIOS912186 7aACTIVIDADES PRACTICAS9183511 aRodriguez, Elizabeth930786eDocente de Biología0 020414941866dBuenos Aires : Noveduc, 1993-tNovedades Educativasw(AR-RoBPED)20414x03283534 2udccREVh37(05)mNov 86 N° 398 (Sept.2024)ak.32599 amar 04//2026 c32599d32599